000 00430nam a2200145 a 4500
001 000031784
005 20200930063158.0
008 110701s2006 dr 000 0 spa d
040 _aDO-SdBNP
_bspa
_cBNPHU
110 2 _aCentro Nacional de Investigaciones en Salud Materno Infantil (CENISMI)
_958010
245 1 0 _aInforme anual 2006.
260 _aSanto Domingo :
_bCENISMI,
_c[2006].
300 _a17 P. ;
_c28 cm.
049 _aBNPD
999 _c31276
_d31276